Manažerské rozhodování

Salvato in:
Dettagli Bibliografici
Autore principale: Fotr, Jiří
Altri autori: Dědina, Jiří, Hrůzová, Helena
Natura: Libro
Lingua:ceco
Pubblicazione: Praha Ekopress 2003
Edizione:3. preprac. vyd.
Soggetti:
Tags: Aggiungi Tag
Nessun Tag, puoi essere il primo ad aggiungerne!!

MARC

LEADER 00000nam$a2200000$$$4500
001 0002360
005 20240306141515.6
020 |a 80-86119-69-6 
041 0 |a cze 
044 |a CZ 
245 1 0 |a Manažerské rozhodování  |c Jiří Fotr, Jiří Dědina, Helena Hrůzová 
250 |a 3. preprac. vyd. 
264 1 |a Praha  |b Ekopress  |c 2003 
300 |a 250 s. 
610 2 0 |a rozhodovanie manažérske 
610 2 0 |a metódy rozhodovania 
610 2 0 |a rozhodovanie skupinové 
610 2 0 |a riziko 
610 2 0 |a manažment 
610 2 0 |a riziko podnikateľské 
610 2 0 |a risk management 
100 1 |a Fotr, Jiří 
700 1 |a Dědina, Jiří 
700 1 |a Hrůzová, Helena